000 00350nam a2200133Ia 4500
008 240624s9999 xx 000 0 und d
041 _aeng
082 _a332.6 FAB
100 _aFABOZZI FRANK J
245 _aCREDIT UNION INVESTMENT MANAGEMENT
260 _c1997
_aPennsylvania
_bJohn Wiley and Sons
300 _a241 : p. : cm. ; 24
365 _c
_b30
999 _c10587
_d10587